| 000 | 01147nam a22003017a 4500 | ||
|---|---|---|---|
| 001 | 2389 | ||
| 003 | FISKH | ||
| 005 | 20231122152238.0 | ||
| 008 | 231122b cb ||||| |||| 00| 0 eng d | ||
| 020 | _a9781444919592 | ||
| 040 |
_aFISKH _beng _cFISKH _dFISKH |
||
| 050 | _aPZ8.G7433 | ||
| 082 | _a823.92 | ||
| 100 | _aGray, Kes | ||
| 245 |
_aOi Dog! / _cWritten by Kes & Claire Gray ; illustrated by Jim Field |
||
| 260 |
_aLondon : _bHodder Children's Books : _c2016. |
||
| 300 |
_a30 unnumbered pages : _bcolor illustrations ; _c25 cm |
||
| 490 | _aFrom the creator of oi frog! | ||
| 505 | _aJ | ||
| 520 | _aIn this hilarious sequel to Frog on a Log?, frog decides that he does not want to sit on a log, and he definitely does not want a dog to sit on a frog! So he changes the rules. Now, dogs sit on logs, and cats sit on gnats! But what will frog decide to sit on now? | ||
| 521 | 8 |
_a480
_bLexile AD |
|
| 521 | 8 |
_aJ
_bRaz-Plus |
|
| 650 |
_aDog _vJuvenile literature |
||
| 650 |
_aFrog _vJuvenile literature |
||
| 700 |
_aGray, Claire _eAuthor |
||
| 700 |
_aField, Jim _eillustrator |
||
| 942 |
_2ddc _cBK _n0 |
||
| 999 |
_c2389 _d2389 |
||